| 000 | 00517nam a22001697a 4500 | ||
|---|---|---|---|
| 003 | MACL | ||
| 005 | 20160601151722.0 | ||
| 008 | 160601b xxu||||| |||| 00| 0 eng d | ||
| 040 | _cMACL | ||
| 041 | _aHindi | ||
| 082 | _a910 KAL | ||
| 100 |
_aकॉलिस, मॉरिस _961373 |
||
| 245 |
_aमार्को पोलो _cमॉरिस कॉलिस |
||
| 260 |
_aनई दिल्ली _bधर्म प्रकाशन _c2011 |
||
| 650 |
_aयात्रा _961374 |
||
| 942 |
_2ddc _cHIN |
||
| 999 |
_c54188 _d54188 |
||